Heat and Mass Transfer : (Record no. 31985)
[ view plain ]
| 000 -LEADER | |
|---|---|
| fixed length control field | 01537cam a22003854a 4500 |
| 001 - CONTROL NUMBER | |
| control field | 14163172 |
| 003 - CONTROL NUMBER IDENTIFIER | |
| control field | OSt |
| 005 - DATE AND TIME OF LATEST TRANSACTION | |
| control field | 20220228142838.0 |
| 008 - FIXED-LENGTH DATA ELEMENTS--GENERAL INFORMATION | |
| fixed length control field | 051101s2007 maua b 001 0 eng |
| 010 ## - LIBRARY OF CONGRESS CONTROL NUMBER | |
| LC control number | 2005031039 |
| 020 ## - INTERNATIONAL STANDARD BOOK NUMBER | |
| International Standard Book Number | 9780070634534 |
| 035 ## - SYSTEM CONTROL NUMBER | |
| System control number | (OCoLC)ocm62281392 |
| 038 ## - RECORD CONTENT LICENSOR | |
| Staff Name | Khadija |
| 040 ## - CATALOGING SOURCE | |
| Original cataloging agency | DLC |
| Transcribing agency | DLC |
| Modifying agency | YDX |
| -- | BAKER |
| -- | DLC |
| 042 ## - AUTHENTICATION CODE | |
| Authentication code | pcc |
| 050 00 - LIBRARY OF CONGRESS CALL NUMBER | |
| Classification number | TJ260 |
| Item number | .C38 2007 |
| 082 00 - DEWEY DECIMAL CLASSIFICATION NUMBER | |
| Classification number | 621.4022 |
| Edition number | 22 |
| Author Mark | CEN |
| 100 1# - MAIN ENTRY--PERSONAL NAME | |
| Personal name | Çengel, Yunus A. |
| 9 (RLIN) | 89844 |
| 245 10 - TITLE STATEMENT | |
| Title | Heat and Mass Transfer : |
| Remainder of title | A Practical Approach / |
| Statement of responsibility, etc. | Yunus A. Çengel. |
| 250 ## - EDITION STATEMENT | |
| Edition statement | 3rd ed. |
| 260 ## - PUBLICATION, DISTRIBUTION, ETC. | |
| Place of publication, distribution, etc. | Boston : |
| Name of publisher, distributor, etc. | McGraw-Hill, |
| Date of publication, distribution, etc. | c2007. |
| 300 ## - PHYSICAL DESCRIPTION | |
| Extent | xxiv, 901 p. : |
| Other physical details | ill. ; |
| Dimensions | 27 cm. + |
| Accompanying material | 1 CD-ROM (4 3/4 in.) |
| 490 1# - SERIES STATEMENT | |
| Series statement | McGraw-Hill series in mechanical engineering |
| 504 ## - BIBLIOGRAPHY, ETC. NOTE | |
| Bibliography, etc. note | Includes bibliographical references and index. |
| 563 ## - BINDING INFORMATION | |
| Binding note | PB |
| 650 #0 - SUBJECT ADDED ENTRY--TOPICAL TERM | |
| Topical term or geographic name entry element | Heat |
| General subdivision | Transmission. |
| 9 (RLIN) | 89845 |
| 650 #0 - SUBJECT ADDED ENTRY--TOPICAL TERM | |
| Topical term or geographic name entry element | Mass transfer. |
| 9 (RLIN) | 89846 |
| 830 #0 - SERIES ADDED ENTRY--UNIFORM TITLE | |
| Uniform title | McGraw-Hill series in mechanical and aerospace engineering. |
| 9 (RLIN) | 89847 |
| 856 41 - ELECTRONIC LOCATION AND ACCESS | |
| Materials specified | Table of contents only |
| Uniform Resource Identifier | <a href="http://www.loc.gov/catdir/enhancements/fy0665/2005031039-t.html">http://www.loc.gov/catdir/enhancements/fy0665/2005031039-t.html</a> |
| 856 42 - ELECTRONIC LOCATION AND ACCESS | |
| Materials specified | Publisher description |
| Uniform Resource Identifier | <a href="http://www.loc.gov/catdir/enhancements/fy0665/2005031039-d.html">http://www.loc.gov/catdir/enhancements/fy0665/2005031039-d.html</a> |
| 856 42 - ELECTRONIC LOCATION AND ACCESS | |
| Materials specified | Contributor biographical information |
| Uniform Resource Identifier | <a href="http://www.loc.gov/catdir/enhancements/fy0737/2005031039-b.html">http://www.loc.gov/catdir/enhancements/fy0737/2005031039-b.html</a> |
| 906 ## - LOCAL DATA ELEMENT F, LDF (RLIN) | |
| a | 7 |
| b | cbc |
| c | orignew |
| d | 1 |
| e | ecip |
| f | 20 |
| g | y-gencatlg |
| 942 ## - ADDED ENTRY ELEMENTS (KOHA) | |
| Source of classification or shelving scheme | |
| Koha item type | Book |
| Withdrawn status | Lost status | Source of classification or shelving scheme | Damaged status | Not for loan | Permanent Location | Current Location | Shelving location | Date acquired | Total Checkouts | Total Renewals | Full call number | Barcode | Checked out | Date last seen | Date last checked out | Price effective from | Koha item type |
|---|---|---|---|---|---|---|---|---|---|---|---|---|---|---|---|---|---|
| School of Mechanical & Manufacturing Engineering (SMME) | School of Mechanical & Manufacturing Engineering (SMME) | Text Books | 07/15/2015 | 5 | 2 | 621.4022 CEN | SMME-563 | 10/11/2025 | 09/11/2025 | 09/11/2025 | 07/15/2015 | Book |
